000 00710nam a2200289Ia 4500
005 20260324134507.0
008 008 260324s9999 xx 000 0 eng d
020 _a9780203988763
037 _aEBOOK
040 _aCRL
040 _beng
040 _cCRL
041 _2eng
041 _aeng
084 _qCRL
100 _aProfessor Urgunge Onon; Urgunge Onon
_91197018
245 4 _aThe Secret History of the Mongols
245 4 _bThe Life and Times of Chinggis Khan
260 _bTaylor and Francis
260 _c2001
365 _a
365 _b240
856 _uhttp://www.taylorfrancis.com/books/9780203988763
942 _cEBOOK
999 _c1797187
_d1797187